Statystyki dla Piłkarz do kraju #11

Kliknij tutaj aby rozwiązać quiz!

Ogólne statystyki

  • Ten quiz został rozwiązany 339 razy
  • Średni wynik to 17 z 18

Statystyki odpowiedzi

PiłkarzKraj% Poprawnych
Paul PogbaFrancja
100%
Kamil GlikPolska
99%
Rafał PietrzakPolska
99%
Shinji KagawaJaponia
99%
NeymarBrazylia
99%
Andrés IniestaHiszpania
99%
Franz BeckenbauerNiemcy
98%
Marcus RashfordWielka Brytania
97%
Eden HazardBelgia
97%
Dele AlliWielka Brytania
95%
Patrick KluivertHolandia
94%
Roberto BaggioWlochy
94%
Oliver KahnNiemcy
92%
Frank de BoerHolandia
91%
Pierre-Emerick
Aubameyang
Gabon
91%
Brian LaudrupDania
82%
Héctor MorenoMeksyk
72%
René HiguitaKolumbia
55%

Rozkład punktacji

Percentyl według liczby udzielonych odpowiedzi

Procent ludzi z każdym wynikiem

Twoja historia wyników

Nie rozwiązałeś tego quizu